Úvod do štúdia dizajnu : ...alebo stručná príručka prežitia na Ústave dizajnu FA STU /
Saved in:
| Main Author: | |
|---|---|
| Other Authors: | , |
| Format: | Book |
| Language: | Slovak |
| Published: |
Bratislava :
Spektrum STU,
2018
|
| Edition: | 1. vyd. |
| Tags: |
No Tags, Be the first to tag this record!
|
MARC
| LEADER | 00000nam a22000003a 4500 | ||
|---|---|---|---|
| 001 | 0067104 | ||
| 003 | SK-STU | ||
| 005 | 20220228172248.8 | ||
| 007 | ta | ||
| 008 | 180919s ----xo-----e------000-0-----d | ||
| 020 | |a 978-80-227-4808-7 | ||
| 035 | |a biblio/71628 |2 CREPC2 | ||
| 040 | |a STU |b slo | ||
| 041 | 0 | |a slo | |
| 044 | |a xo | ||
| 100 | 1 | |a Jelenčík, Branislav, |d 1959- |u 059190 |4 aut |9 100 |r Z1 |U FAD Fakulta architektúry |T FA Ústav dizajnu |X 5298 |U A9190 |Y 400 |7 A000005298 | |
| 245 | 1 | 0 | |a Úvod do štúdia dizajnu : |b ...alebo stručná príručka prežitia na Ústave dizajnu FA STU / |c aut. Branislav Jelenčík ; rec. Jana Vinárčiková, Štefan Moravčík |
| 250 | |a 1. vyd. | ||
| 260 | |a Bratislava : |b Spektrum STU, |c 2018 | ||
| 300 | |a 76 s. [4,158 AH] | ||
| 700 | 1 | |a Vinárčiková, Jana, |d 1961- |u 055150 |r Z1 |4 rev |U FAD Fakulta architektúry |T FA Ústav interiéru a výstavníctva |X 413 |U A5150 |Y 396 |7 A000000413 | |
| 700 | 1 | |a Moravčík, Štefan |4 rev | |
| 996 | |b 284AS03764 |c A* 10956/S |l AAKNST |s P |a 0 |w 0067104_0001 | ||
| 996 | |b 284AS03765 |c A* 10957/S |l AAKNAR |s A |a 24 |w 0067104_0002 | ||
| 996 | |b 284AS03766 |c A* 10958/S |l AAKNAR |s A |a 24 |w 0067104_0003 | ||